Транзисторные инверторы: учебное пособие
| Hlavní autor: | |
|---|---|
| Korporativní autor: | |
| Další autoři: | |
| Shrnutí: | Заглавие с титульного экрана Электронная версия печатной публикации В пособии изложены основные вопросы теории транзисторных инверторов. Рассмотрены принципы построения силовых цепей "без сквозных" токов и схем управления; даны рекомендации по выбору элементной базы инверторов. Приведены уравнения для определения основных параметров. Пособие содержит справочные таблицы и примеры, поясняющие методику расчетов. Предназначено для студентов, обучающихся по дисциплине "силовые преобразователи электрической энергии", и специалистов, занимающихся разработкой источников вторичного электропитания радиоэлектронных устройств. Режим доступа: из корпоративной сети ТПУ |
| Jazyk: | ruština |
| Vydáno: |
Томск, Изд-во ТПУ, 2012
|
| Témata: | |
| On-line přístup: | http://www.lib.tpu.ru/fulltext2/m/2013/m101.pdf |
| Médium: | MixedMaterials Elektronický zdroj Kniha |
| KOHA link: | https://koha.lib.tpu.ru/cgi-bin/koha/opac-detail.pl?biblionumber=235825 |
MARC
| LEADER | 00000nlm0a2200000 4500 | ||
|---|---|---|---|
| 001 | 235825 | ||
| 005 | 20231101231428.0 | ||
| 035 | |a (RuTPU)RU\TPU\book\256967 | ||
| 090 | |a 235825 | ||
| 100 | |a 20130417d2012 m y0rusy50 ca | ||
| 101 | 0 | |a rus | |
| 102 | |a RU | ||
| 105 | |a a j 001zy | ||
| 135 | |a drcn ---uucaa | ||
| 181 | 0 | |a i | |
| 182 | 0 | |a b | |
| 200 | 1 | |a Транзисторные инверторы |b Электронный ресурс |e учебное пособие |f Г. А. Шадрин, В. П. Петрович |g Национальный исследовательский Томский политехнический университет (ТПУ), Энергетический институт (ЭНИН), Кафедра электропривода и электрооборудования (ЭПЭО) | |
| 203 | |a Текст |c электронный | ||
| 210 | |a Томск |c Изд-во ТПУ |d 2012 | ||
| 230 | |a 1 компьютерный файл (pdf; 2.0 MB) | ||
| 300 | |a Заглавие с титульного экрана | ||
| 300 | |a Электронная версия печатной публикации | ||
| 330 | |a В пособии изложены основные вопросы теории транзисторных инверторов. Рассмотрены принципы построения силовых цепей "без сквозных" токов и схем управления; даны рекомендации по выбору элементной базы инверторов. Приведены уравнения для определения основных параметров. Пособие содержит справочные таблицы и примеры, поясняющие методику расчетов. Предназначено для студентов, обучающихся по дисциплине "силовые преобразователи электрической энергии", и специалистов, занимающихся разработкой источников вторичного электропитания радиоэлектронных устройств. | ||
| 333 | |a Режим доступа: из корпоративной сети ТПУ | ||
| 337 | |a Adobe Reader | ||
| 606 | 1 | |a Инверторы транзисторные |2 stltpush |3 (RuTPU)RU\TPU\subj\12468 |9 39246 | |
| 610 | 1 | |a электронный ресурс | |
| 610 | 1 | |a учебные пособия | |
| 610 | 1 | |a труды учёных ТПУ | |
| 610 | 1 | |a транзисторные инверторы | |
| 610 | 1 | |a схемы управления | |
| 610 | 1 | |a магнитно-транзисторные автогенераторы | |
| 610 | 1 | |a силовые цепи | |
| 610 | 1 | |a силовые трансформаторы | |
| 610 | 1 | |a трехфазные транзисторные инверторы | |
| 610 | 1 | |a однофазные транзисторные инверторы | |
| 610 | 1 | |a сквозные токи | |
| 610 | 1 | |a трехфазные сети | |
| 610 | 1 | |a самовозбуждающиеся генераторы | |
| 610 | 1 | |a самовозбуждающиеся инверторы | |
| 610 | 1 | |a питание | |
| 610 | 1 | |a источники | |
| 675 | |a 621.314.572(075.8) |v 3 | ||
| 700 | 1 | |a Шадрин |b Г. А. |g Георгий Алексеевич | |
| 701 | 1 | |a Петрович |b В. П. |c специалист в области электротехники |c доцент Томского политехнического университета, кандидат технических наук |f 1940- |g Виталий Петрович |2 stltpush |3 (RuTPU)RU\TPU\pers\29373 |9 13955 | |
| 712 | 0 | 2 | |a Национальный исследовательский Томский политехнический университет (ТПУ) |b Энергетический институт (ЭНИН) |b Кафедра электропривода и электрооборудования (ЭПЭО) |h 178 |2 stltpush |3 (RuTPU)RU\TPU\col\18674 |
| 801 | 1 | |a RU |b 63413507 |c 20130417 | |
| 801 | 2 | |a RU |b 63413507 |c 20160914 |g RCR | |
| 856 | 4 | |u http://www.lib.tpu.ru/fulltext2/m/2013/m101.pdf | |
| 900 | |a Силовые преобразователи электроэнергии | ||
| 942 | |c CF | ||